Test culture générale- 23 - Statistiques

Statistiques générales
  • Ce quiz a été pris 2 070 fois
  • Le résultat moyen est 4 sur 10
Statistiques - réponses
Questions Réponses % Correct
Quelle est la première ville du monde à s’être dotée d’un métro? Londres
88%
Quel genre d’animal est un silure? Un poisson
78%
Quel célèbre philosophe et écrivain publia en 1721 les « Lettrdes persanes » pour y critiquer la société française? Charles Louis de Secondat baron de La Brède et de Montesquieu dit Montesquieu
42%
À quel compositeur doit-on « La Chevauchée des Walkyries »? Richard Wagner
42%
Quelle est la capitale de la Côte d’Ivoire? Yamoussoukro
40%
Quel est le nom de l’opération qui avait pour but le débarquement allié en Normandie, durant la Seconde Guerre Mondiale? L’opération Overlord
36%
Quel philosophe déclare dans son oeuvre le « Léviathan » que « l’Homme est un loup pour l’Homme » ? Thomas Hobbes
32%
Quel verbe a pour signification « sortir de terre » quand il s’agit de l’eau et « naître, surgir » au sens figuré? Sourdre
31%
À quel réalisateur doit-on « Apocalypse Now »? Francis Ford Coppola
25%
Sur quelle place les manifestants en 2013 favorables à un rapprochement de l’Ukraine avec l’Union européenne se sont-ils réunis ? Place Maïdan
8%
Aucun quiz correspondant
Distribution des résultats
% des personnes avec chaque résultat
Percentile par nombre de réponses
Votre historique - résultats
Vous n’avez pas pris ce quiz